| 000 | 00457cam a22001337a 4500 | ||
|---|---|---|---|
| 008 | 180718b2014 xxu||||| |||| 00| 0 eng d | ||
| 020 | _a8192745643 | ||
| 082 | _aT39x54 K96i | ||
| 100 | _aKumra, Akash and Nayak, Dinkar Narsinh | ||
| 245 |
_aIndia's foreign trade : a study of trends and instability in the post-reform period _cby Akash Kumra and Dinkar Narsinh Nayak |
||
| 260 |
_aNew Delhi _bys books _c2014 |
||
| 300 | _a221p. | ||
| 650 | _aIndia --Commerce | ||
| 999 |
_c443699 _d443699 |
||